| 000 | 00519cam a2200193ua 4500 | ||
|---|---|---|---|
| 020 |
_a0-07-099281-9 _c48.00 |
||
| 041 |
_aeng _h |
||
| 082 |
_a581.4 _bEAM/IN |
||
| 100 | _aEames, Arthur J. | ||
| 245 |
_aIntroduction to plant anatomy / _cArthur J Eames. _hTextual Documents |
||
| 250 |
_a1 / _b. |
||
| 260 |
_aNew Delhi : _bTata Mc-Graw Hill Publishing Company , _c1985. |
||
| 300 | _a427 ; . | ||
| 365 | _a48.00 | ||
| 504 | _a | ||
| 700 | 1 | _aMacdaniels, Laurence H . | |
| 942 | _cBK | ||
| 999 |
_c9600 _d9600 |
||